Marketing analytics (Registro nro. 317859)
[ vista simple ]
| 000 -ENCABEZADO | |
|---|---|
| Número de control [NR] | 00786nam a2200217 c 4500 |
| 005 - FECHA Y HORA DE LA ÚLTIMA TRANSACCIÓN | |
| control field | 20240429085506.0 |
| 008 - DE LONGITUD FIJA DE DATOS DE ELEMENTOS - INFORMACIÓN GENERAL | |
| Elementos de longitud fija [NR] | 200908s2018 nyu |||gr|||| 00| 0 eng d |
| 020 ## - NUMERO INTERNACIONAL NORMALIZADO PARA LIBROS [R] | |
| Número Internacional Normalizado del libro [NR] | 9780749482169 |
| 040 ## - FUENTE DE CATALOGACION [NR] | |
| Agencia de catalogación original [NR] | CO-BoUCM |
| Idioma de catalogación [NR] | spa |
| Quien Cataloga | Deissy Garcia |
| Quien Clasifica | David Moreno (modificó) |
| 041 0# - CODIGO DE IDIOMA [R] | |
| Código de idioma para texto/pista de sonido o título separado [R] | Inglés |
| 100 1# - ASIENTO PRINCIPAL--NOMBRE PERSONAL [NR] | |
| Nombre personal [NR] | Grigsby, Mike |
| ID Autoridad | 100891 |
| 245 ## - MENCION DE TITULO [NR] | |
| Título [NR] | Marketing analytics |
| Parte restante del título [NR] | a practical guide to improving consumer insights using data techniques |
| Mención de responsabilidad, etc. [NR] | Mike Grigsby |
| 260 ## - PUBLICACION, DISTRIBUCION, ETC. (PIE DE IMPRENTA) [R] | |
| Nombre del editor, distribuidor, etc. [R] | Kogan Page |
| Fecha de publicación, distribución, etc. [R] | 2018 |
| Lugar de publicación, distribución, etc. [R] | Nueva York |
| 300 ## - DESCRIPCION FISICA [R] | |
| Extensión [R] | xiv, 217 Páginas |
| 504 ## - NOTA DE BIBLIOGRAFIA, ETC. [R] | |
| Nota de bibliografía, etc. [NR] | Incluye referencias bibliográficas e índices |
| 650 17 - ASIENTO SECUNDARIO DE MATERIA - TERMINO TEMATICO [R] | |
| 9 (RLIN) | 43399 |
| Término temático o nombre geográfico como elemento de entrada [NR] | Marketing |
| 650 17 - ASIENTO SECUNDARIO DE MATERIA - TERMINO TEMATICO [R] | |
| 9 (RLIN) | 17986 |
| Término temático o nombre geográfico como elemento de entrada [NR] | Investigación de mercados |
| 650 17 - ASIENTO SECUNDARIO DE MATERIA - TERMINO TEMATICO [R] | |
| 9 (RLIN) | 8952 |
| Término temático o nombre geográfico como elemento de entrada [NR] | Análisis de datos |
| 942 ## - ELEMENTOS DE ENTRADA AGREGADOS (KOHA) | |
| Tipo de ítem principal el descrito en 300a | Libro |
| Título oculto en OPAC | No |
| Sistema de clasificación | DEWEY |
| Tema principal | Administración |
| Edición | 2 |
| Clasificación | 658.83 |
| Parte restante de la signatura top. | G857m |
| Signatura topográfica | Código de barras | Última vez visto | Volúmen / Fascículo | Ejemplar | Costo de reposición | Price effective from | Tipo de ítem | Perdido | Sistema de clasificación | Dañado | No prestable | Tipo de ítem específico | Suprimido | Ubicación habitual | Ubicación actual | Localización | Fecha de creación | Proveedor | Forma de adquisición | Costo |
|---|---|---|---|---|---|---|---|---|---|---|---|---|---|---|---|---|---|---|---|---|
| 658.83 G857m | 100166678 | 04/12/2025 | 2a.Ed. | Ej.1 | 117395.00 | 07/09/2020 | Libro | DEWEY | Libro | Claustro | Claustro | 4to piso | 07/09/2020 | 156 | Compra | 117395.00 | ||||
| 658.83 G857m | 100166679 | 04/12/2025 | 2a.Ed. | Ej.2 | 117395.00 | 07/09/2020 | Libro | DEWEY | Libro | Claustro | Claustro | 4to piso | 07/09/2020 | 156 | Compra | 117395.00 |